Pierce The Veil - The New National Anthem Lyrics - Statistics

General Stats
  • This quiz has been taken 11 times
  • The average score is 156 of 212
Answer Stats
Answer % Correct
a
100%
A
100%
at
100%
be
100%
behind
100%
chain
100%
"Darling,
100%
Drag
100%
go?
100%
I
100%
I,
100%
like
100%
look
100%
my
100%
Sparks
100%
sparks"
100%
the
100%
truck
100%
you
100%
and
83%
And
83%
attention
83%
backyard
83%
beautiful
83%
but
83%
But
83%
dark
83%
darkness
83%
Desperation
83%
even
83%
eyes
83%
firework
83%
forever
83%
from
83%
hand
83%
her
83%
hold
83%
in
83%
me
83%
mother
83%
never
83%
over
83%
reflection
83%
see
83%
(So
83%
So,
83%
son
83%
tells
83%
through
83%
trying
83%
while
83%
without
83%
your
83%
apart
67%
carpet
67%
chase
67%
colors
67%
Don't
67%
ever
67%
Everything's
67%
excited
67%
fall
67%
find
67%
gold
67%
hiding
67%
if
67%
just
67%
love
67%
(Love)
67%
means
67%
no,
67%
no)
67%
nobody
67%
of
67%
okay
67%
place
67%
running
67%
she's
67%
Silently
67%
someday
67%
Summer
67%
supposed
67%
Tear
67%
this
67%
to
67%
until
67%
wait
67%
who
67%
You'll
67%
been
50%
catch
50%
forget
50%
hanging
50%
Haunted
50%
hearts
50%
holding
50%
hurt
50%
I'm
50%
I've
50%
melt
50%
(Oh,
50%
ones
50%
Somebody's
50%
sun
50%
we
50%
would
50%
away
33%
bleed
33%
calls
33%
fabric
33%
floor
33%
god
33%
hoping
33%
let
33%
looks
33%
night
33%
slowly)
33%
that
33%
time
33%
why
33%
their
17%
throw
17%
No matching quizzes found
Score Distribution
Percent of People with Each Score
Percentile by Number Answered
Your Score History
You have not taken this quiz